Netaji Subhas Chandra Bose Int. Airport (Kolkata, India) - Map - Statistics

General Stats
  • This quiz has been taken 20 times
  • The average score is 34 of 66
Answers on the Map
Answers color-coded by a green-red scale on the quiz's map according to % correct below.
 
Answer Stats
Destination % Correct
Abu Dhabi
100%
Chennai
100%
Doha
100%
Dubai (International)
100%
Bangkok (Don Mueang)
94%
Bangkok (Suvarnabhumi)
94%
Delhi
94%
Dhaka
94%
Hanoi
94%
Ho Chi Minh City
94%
Mumbai (Shivaji)
94%
Singapore
94%
Ahmedabad
88%
Bengaluru
88%
Kuala Lumpur (International)
88%
Phuket
88%
Bishkek
81%
Kathmandu
81%
Yangon
81%
Hyderabad
75%
Jaipur
75%
Lucknow
75%
Pune
75%
Nagpur
69%
Patna
69%
Goa (Dabolim)
63%
Goa (Mopa)
63%
Indore
63%
Thiruvananthapuram
63%
Amritsar
56%
Port Blair
56%
Varanasi
56%
Bhubaneswar
50%
Chandigarh
50%
Siem Reap
50%
Srinagar
50%
Surat
50%
Visakhapatnam
50%
Agartala
44%
Guwahati
44%
Siliguri
44%
Gaya
38%
Imphal
38%
Paro
38%
Raipur
38%
Ranchi
38%
Udaipur
38%
Gorakhpur
25%
Aizawl
19%
Dehradun
19%
Dimapur
19%
Itanagar
19%
Shillong
19%
Coimbatore
13%
Ghaziabad
13%
Silchar
13%
Bilaspur
6%
Dibrugarh
6%
Jorhat
6%
Darbhanga
0%
Deoghar
0%
Gelephu
0%
Jharsuguda
0%
Lilabari
0%
Purnea
0%
Rupsi
0%
No matching quizzes found
Score Distribution
Percent of People with Each Score
Percentile by Number Answered
Your Score History
You have not taken this quiz